000 00684nam a2200253Ia 4500
003 OSt
005 20221007080109.0
006 a|||||r|||| 00| 0
007 ta
008 221006b |||||||| |||| 00| 0 eng d
020 _a9789384746759
024 _a45,496
037 _cTextual
040 _aFLL
_cFLL
_beng
041 _2eng
_aeng
082 _aZ(Q7),122, Q6
100 _aARSHAD Raffia
_9694623
245 0 _aIslamic family law
250 _aSouth Asian edition
260 _aNew Delhi
_bSweet & Mexwell (Sai Printo Pack Pvt. Ltd.)
_c2016
300 _axxiv,239p.
_ccm.
942 _hZ(Q7),122, Q6
_cTEXL
_2CC
999 _c1158358
_d1158358